[Event "World Blitz Women 2021"]
[Site "Warsaw POL"]
[Date "2021.12.29"]
[Round "1.2"]
[White "Muzychuk, Anna"]
[Black "Sandu, Mihaela"]
[Result "1-0"]
[WhiteTitle "GM"]
[BlackTitle "WGM"]
[WhiteElo "2531"]
[BlackElo "2269"]
[WhiteFideId "14111330"]
[BlackFideId "1204327"]
[EventDate "2021.12.29"]

1. e4 c5 2. Nf3 d6 3. Bb5+ Nd7 4. Ba4 a6 5. c4 Nf6 6. O-O g6 7. Nc3 Bg7 8. d3
O-O 9. h3 Ne5 10. Nxe5 dxe5 11. Be3 b6 12. Rb1 a5 13. a3 Nh5 14. b4 axb4 15.
axb4 Nf4 16. Bc6 Ra3 17. Nd5 Rxd3 18. Qc2 Ra3 19. bxc5 bxc5 20. Bxc5 Nxh3+ 21.
gxh3 Rxh3 22. Bxe7 Bg4 23. f3 Qc8 24. Bxf8 Rg3+ 25. Kh2 Rh3+ 1-0

[Event "World Blitz Women 2021"]
[Site "Warsaw POL"]
[Date "2021.12.29"]
[Round "1.11"]
[White "Gaboyan, Susanna"]
[Black "Dzagnidze, Nana"]
[Result "1-0"]
[WhiteTitle "WIM"]
[BlackTitle "GM"]
[WhiteElo "2254"]
[BlackElo "2531"]
[WhiteFideId "13303627"]
[BlackFideId "13601903"]
[EventDate "2021.12.29"]

1. Nf3 Nf6 2. g3 g6 3. Bg2 Bg7 4. O-O c5 5. d4 cxd4 6. Nxd4 d5 7. Nc3 O-O 8. Nb3
Nc6 9. Nxd5 Nxd5 10. Qxd5 Qc7 11. c3 Bf5 12. e4 Bg4 13. Qg5 Ne5 14. Bf4 h5 15.
Bxe5 Bxe5 16. h3 Be2 17. Rfe1 Bd3 18. Rad1 Bc2 19. Rd5 Bf6 20. Qd2 Bxb3 21. axb3
Rfd8 22. e5 Bg7 23. e6 Bf6 24. exf7+ Kxf7 25. Rd1 Rxd5 26. Qxd5+ Kg7 27. Qxb7
Qxb7 28. Bxb7 Rb8 29. Bd5 a5 30. Ra1 Rb5 31. Bc4 Rc5 32. Kg2 h4 33. gxh4 Bxh4
34. Rd1 Rg5+ 35. Kf1 Rf5 36. Rd2 Kf6 37. Re2 e5 38. Kg2 Rf4 39. Bd5 Kf5 1-0

[Event "World Blitz Women 2021"]
[Site "Warsaw POL"]
[Date "2021.12.29"]
[Round "1.36"]
[White "Girya, Olga"]
[Black "Kucharska, Honorata"]
[Result "0-1"]
[WhiteTitle "GM"]
[BlackTitle "WFM"]
[WhiteElo "2416"]
[BlackElo "2146"]
[WhiteFideId "4195752"]
[BlackFideId "1163868"]
[EventDate "2021.12.29"]

1. d4 d5 2. c4 e6 3. Nf3 Nf6 4. Bg5 Be7 5. e3 O-O 6. Qc2 Nbd7 7. cxd5 exd5 8.
Nc3 c6 9. Bd3 h6 10. Bf4 Re8 11. h3 Nf8 12. O-O Bd6 13. Ne5 Qe7 14. a3 N8d7 15.
Nxd7 Bxd7 16. Bxd6 Qxd6 17. b4 b6 18. Rab1 Rac8 19. Rbc1 Be6 20. Rfd1 Qd7 21.
Ba6 Rb8 22. Ne2 Bxh3 23. gxh3 Qxh3 24. Nf4 Qg4+ 25. Kf1 Ne4 26. Be2 Qh4 27. Bf3
Ng5 28. Bg2 Rbc8 29. Qf5 Ne6 30. Qh3 Qg5 31. Nxe6 fxe6 32. Qg3 Qf5 33. Bh3 Qf6
34. Ke2 Rc7 35. Rg1 Rf7 36. Rg2 e5 37. dxe5 Rxe5 38. Qg4 Re8 39. Rc2 c5 40. bxc5
bxc5 41. Rd2 d4 42. e4 Rfe7 43. f3 c4 44. Qf5 d3+ 45. Kf1 Qa1+ 46. Kf2 Qd4+ 47.
Kg3 Rf7 48. Qg4 Qe5+ 49. Kf2 c3 50. Rxd3 c2 51. Rg1 Qc5+ 52. Kg2 c1=Q 53. Rxc1
Qxc1 54. Rd7 Ref8 55. Rxf7 Rxf7 56. Qe6 Qd2+ 57. Kg3 Qf4+ 58. Kg2 Qxf3+ 59. Kg1
Qf2+ 60. Kh1 Qf3+ 61. Bg2 Qh5+ 62. Kg1 Qc5+ 63. Kh1 Qe7 64. Qc8+ Kh7 65. Qg4 Qg5
66. Qe6 Rf6 67. Qc4 Qh4+ 68. Kg1 Qf2+ 69. Kh1 Rf4 70. Qe6 Rh4+ 71. Bh3 Qf3+ 72.
Kh2 Qf4+ 73. Kg1 Qg3+ 74. Bg2 Rg4 75. Qf5+ Rg6 76. Qf1 Qe3+ 77. Kh1 Rg5 78. Kh2
Rh5+ 79. Bh3 Qxe4 80. Qf2 Qe5+ 81. Kg2 Rg5+ 82. Kh1 h5 83. Bg2 Rf5 84. Qc2 g6
85. Qd3 Qe1+ 86. Kh2 Qe5+ 87. Kh1 Rf7 88. Be4 Qg5 89. Bg2 Re7 90. Qc3 Qh4+ 91.
Kg1 Qe1+ 0-1

[Event "World Blitz Women 2021"]
[Site "Warsaw POL"]
[Date "2021.12.29"]
[Round "1.37"]
[White "Hryzlova, Sofiia"]
[Black "Garifullina, Leya"]
[Result "1-0"]
[WhiteTitle "WCM"]
[BlackTitle "WGM"]
[WhiteElo "2097"]
[BlackElo "2414"]
[WhiteFideId "14174669"]
[BlackFideId "34127035"]
[EventDate "2021.12.29"]

1. d4 Nf6 2. c4 e6 3. Nc3 Bb4 4. e3 c5 5. Bd3 O-O 6. Ne2 cxd4 7. exd4 d5 8. a3
Be7 9. O-O Nc6 10. Bf4 h6 11. c5 Nh5 12. Be3 a5 13. Rb1 Bg5 14. Qd2 Bxe3 15.
Qxe3 Qg5 16. f4 Qh4 17. b4 axb4 18. axb4 Ra3 19. Rf3 Qf6 20. b5 Ne7 21. g4 Bd7
22. g5 Nf5 23. gxf6 Nxe3 24. fxg7 Rfa8 25. Rxe3 Nxg7 26. Rg3 Kf8 27. Kf2 Nh5 28.
Rf3 Nf6 29. h3 Ke7 30. Ke3 Ra1 31. Rff1 R1a3 32. Rb2 Be8 33. Rfb1 Bd7 34. Rb3
R3a5 35. f5 Rg8 36. fxe6 fxe6 37. Rg1 Rxg1 38. Nxg1 Ra1 39. Nf3 Rh1 40. h4 Rh3
41. Bf1 Rh1 42. Rb1 Be8 43. Ne5 Rg1 44. c6 bxc6 45. b6 Rg3+ 46. Kd2 c5 47. b7
cxd4 48. Nxd5+ exd5 49. b8=Q Ne4+ 50. Kc1 Rc3+ 51. Kb2 Kf6 52. Ng4+ Ke7 53. Qb7+
Ke6 54. Bb5 Bg6 55. Qc8+ Kd6 56. Qf8+ Ke6 57. Qxh6 Kf5 58. h5 Bf7 59. Qh7+ Kxg4
60. Qxf7 d3 61. Rg1+ Kh3 62. Qf3+ Kh2 63. Qg2# 1-0

[Event "World Blitz Women 2021"]
[Site "Warsaw POL"]
[Date "2021.12.29"]
[Round "2.12"]
[White "Vantika, Agrawal"]
[Black "Berend, Elvira"]
[Result "1-0"]
[WhiteTitle "WGM"]
[BlackTitle "WGM"]
[WhiteElo "2381"]
[BlackElo "2329"]
[WhiteFideId "25050389"]
[BlackFideId "4000510"]
[EventDate "2021.12.29"]

1. d4 Nf6 2. c4 e6 3. g3 Bb4+ 4. Nd2 O-O 5. Bg2 d5 6. Nf3 b6 7. O-O Bb7 8. b3
dxc4 9. Nxc4 Bc3 10. Bb2 Bxb2 11. Nxb2 Nbd7 12. Nc4 Qe7 13. Rc1 c5 14. dxc5 Nxc5
15. Qd6 Qxd6 16. Nxd6 Bd5 17. Ne5 Rad8 18. Ndc4 Bxg2 19. Kxg2 Rd5 20. b4 Na6 21.
Nd3 Rfd8 22. a3 Ne8 23. Rc2 Nac7 24. Rfc1 Nb5 25. Nf4 Rd4 26. e3 Rd1 27. Rxd1
Rxd1 28. a4 Nbc7 29. Ne5 f6 30. Nc6 a6 31. Ne2 Rb1 32. Ned4 g6 33. h4 e5 34. Ne2
Ra1 35. a5 bxa5 36. bxa5 Kf8 37. Nc3 h5 38. Ne4 Ra4 39. Nc5 Ra1 40. Nd7+ Kf7 41.
Nb6 Ne6 42. Rd2 Nc5 43. Nd8+ Ke7 44. Nc8+ Kf8 45. Nc6 Nb7 46. Rd7 Nxa5 47. Nd8
Nc6 48. Nxc6 Rc1 49. N8a7 a5 50. Nxa5 Rc5 51. Nb3 Rc3 52. Nd2 f5 53. Nf3 Rc5 54.
Ng5 Ng7 55. Rxg7 1-0

[Event "World Blitz Women 2021"]
[Site "Warsaw POL"]
[Date "2021.12.29"]
[Round "3.6"]
[White "Muzychuk, Mariya"]
[Black "Fernandez, Maria Florencia"]
[Result "1-0"]
[WhiteTitle "GM"]
[BlackTitle "WIM"]
[WhiteElo "2539"]
[BlackElo "2229"]
[WhiteFideId "14114550"]
[BlackFideId "116459"]
[EventDate "2021.12.29"]

1. e4 c5 2. Nf3 d6 3. Bb5+ Nd7 4. O-O Nf6 5. Re1 a6 6. Bf1 g6 7. c3 Bg7 8. d4
cxd4 9. cxd4 O-O 10. Nc3 e5 11. h3 b5 12. dxe5 dxe5 13. a4 b4 14. Nd5 Nxd5 15.
Qxd5 Qc7 16. Rd1 Nb6 17. Qa5 Rb8 18. Be3 Na8 19. Qxc7 Nxc7 20. Bc5 Re8 21. Bd6
Rb7 22. Rac1 Ne6 23. Bxa6 Ra7 1-0

[Event "World Blitz Women 2021"]
[Site "Warsaw POL"]
[Date "2021.12.29"]
[Round "3.17"]
[White "Badelka, Olga"]
[Black "Kosteniuk, Alexandra"]
[Result "0-1"]
[WhiteTitle "IM"]
[BlackTitle "GM"]
[WhiteElo "2453"]
[BlackElo "2516"]
[WhiteFideId "13509926"]
[BlackFideId "4128125"]
[EventDate "2021.12.29"]

1. d4 Nf6 2. c4 e6 3. Nc3 Bb4 4. e3 b6 5. Ne2 Ne4 6. Qc2 Bb7 7. a3 Bxc3+ 8. Nxc3
Nxc3 9. Qxc3 d6 10. Bd3 Qg5 11. Bd2 Qxg2 12. O-O-O Qxf2 13. Rhg1 g6 14. e4 Nc6
15. d5 Ne5 16. Bc2 O-O-O 17. h3 Qe2 18. b3 f5 19. dxe6 Bxe4 20. Bxe4 Qxe4 21.
Bg5 Rde8 22. Rge1 Qc6 23. Bf6 Rhf8 24. Bxe5 dxe5 25. Qxe5 Re7 26. Rd3 Rfe8 27.
Rde3 Rxe6 28. Qxe6+ Rxe6 29. Rxe6 Qf3 30. R1e3 Qf2 31. Re8+ Kb7 32. Rc3 f4 33.
Rf8 Qd4 34. Kc2 Qe4+ 35. Kb2 Qe2+ 36. Kc1 g5 37. Rf7 h5 38. Rf5 Qf1+ 39. Kb2 g4
40. hxg4 hxg4 41. c5 Qg2+ 42. Rc2 Qe4 43. c6+ Ka6 44. Rf7 f3 45. Kb1 Qe1+ 46.
Kb2 Qe5+ 47. Kb1 Qd5 48. Rxc7 Qxb3+ 49. Kc1 Qe3+ 50. Kb1 Qe1+ 51. Ka2 Qe6+ 52.
Kb1 f2 53. Rxf2 Qe1+ 54. Kc2 Qxf2+ 55. Kc3 0-1

[Event "World Blitz Women 2021"]
[Site "Warsaw POL"]
[Date "2021.12.29"]
[Round "3.21"]
[White "Bivol, Alina"]
[Black "Dzagnidze, Nana"]
[Result "0-1"]
[WhiteTitle "IM"]
[BlackTitle "GM"]
[WhiteElo "2368"]
[BlackElo "2531"]
[WhiteFideId "4100123"]
[BlackFideId "13601903"]
[EventDate "2021.12.29"]

1. e4 c5 2. Nf3 d6 3. Bb5+ Nd7 4. a4 Nf6 5. Nc3 g6 6. O-O Bg7 7. Re1 O-O 8. a5
a6 9. Bf1 e6 10. d3 Nb8 11. e5 dxe5 12. Nxe5 Nfd7 13. Bf4 Nxe5 14. Bxe5 Nc6 15.
Bxg7 Kxg7 16. Ne4 Nxa5 17. Nxc5 Nc6 18. Qd2 b6 19. Qc3+ Qd4 20. Ne4 Qxc3 21.
Nxc3 Rd8 22. g3 Nd4 23. Bg2 Ra7 24. Rac1 Rc7 25. h4 Bb7 26. Bxb7 Rxb7 27. Kg2
Rc7 28. Re4 f5 29. Ree1 Kf6 30. f3 b5 31. g4 b4 32. Ne2 Rxc2 33. Rxc2 Nxc2 34.
Rc1 b3 35. d4 h6 36. Rf1 Ne3+ 0-1

[Event "World Blitz Women 2021"]
[Site "Warsaw POL"]
[Date "2021.12.29"]
[Round "3.42"]
[White "Strutinskaia, Galina"]
[Black "Beydullayeva, Govhar"]
[Result "1-0"]
[WhiteTitle "WGM"]
[BlackTitle "WIM"]
[WhiteElo "2142"]
[BlackElo "2290"]
[WhiteFideId "4108558"]
[BlackFideId "13413015"]
[EventDate "2021.12.29"]

1. d4 Nf6 2. c4 e6 3. Nc3 Bb4 4. Bd2 O-O 5. a3 Bxc3 6. Bxc3 b6 7. Nf3 Bb7 8. e3
d6 9. Rc1 Nbd7 10. b4 Ne4 11. Bb2 c5 12. Qc2 Qe7 13. Bd3 f5 14. O-O Rac8 15.
Rfd1 Ndf6 16. dxc5 bxc5 17. b5 Ng4 18. Rf1 Ng5 19. Ne1 Qf7 20. Qc3 e5 21. h3 Nh6
22. f4 Ne4 23. Qa5 Ng3 24. Rf2 Qh5 25. Qxa7 Rf7 26. Qb6 Ng4 27. Qxd6 Nxf2 28.
Kxf2 exf4 29. Qxf4 Ne4+ 30. Kg1 Rd8 31. a4 g5 32. Qe5 Nf6 33. a5 Qg6 34. Bxf5
Qh5 35. Be6 Rf8 36. Qxf6 1-0

[Event "World Blitz Women 2021"]
[Site "Warsaw POL"]
[Date "2021.12.29"]
[Round "3.50"]
[White "Kolaric, Spela"]
[Black "Szczotka, Klara"]
[Result "0-1"]
[WhiteTitle "WFM"]
[WhiteElo "2185"]
[BlackElo "1755"]
[WhiteFideId "14607093"]
[BlackFideId "21858845"]
[EventDate "2021.12.29"]

1. Nf3 c5 2. g3 g6 3. Bg2 Bg7 4. O-O Nc6 5. c4 Nf6 6. Nc3 d6 7. d4 O-O 8. dxc5
dxc5 9. Be3 Nd7 10. Rc1 Rb8 11. Nd2 Nd4 12. Nb3 Nxb3 13. Qxb3 b6 14. Rfd1 Bb7
15. Bh3 Bc6 16. Nd5 e6 17. Nc3 Qe7 18. Bf4 e5 19. Be3 f5 20. Nd5 Qf7 21. Bg5 Nf6
22. Bg2 e4 23. Bf4 Rbd8 24. Nc7 Rd7 25. Nb5 Rfd8 26. Rxd7 Rxd7 27. Nc3 Qe6 28.
Nd1 h6 29. h4 Nh5 30. Be3 Kh7 31. Qc2 Bd4 32. b3 Nf6 33. Bf4 Nh5 34. Bd2 Nf6 35.
Bc3 Ng4 36. Bxd4 cxd4 37. c5 b5 38. Qd2 Qe5 39. Qf4 Qxf4 40. gxf4 Nf6 41. Kf1
Nd5 42. e3 d3 43. Ke1 Nb4 44. Kd2 Nxa2 45. Nc3 Nxc3 46. Rxc3 Rd5 47. b4 Rd7 48.
Ra3 Kg7 49. Ra6 Rc7 50. Bf1 Kf6 51. f3 Ke6 52. fxe4 fxe4 53. Bh3+ Kd5 54. Kc3
Rf7 55. Be6+ Kxe6 56. Rxc6+ Kf5 57. Rd6 Re7 58. c6 Rc7 59. Kd4 Rxc6 60. Rxc6 d2
61. Rc5+ Kg4 62. Kxe4 d1=Q 63. Rxb5 Qc2+ 64. Ke5 Qd3 65. Rd5 Qxe3+ 66. Kd6 Qxf4+ 0-1

[Event "World Blitz Women 2021"]
[Site "Warsaw POL"]
[Date "2021.12.29"]
[Round "4.3"]
[White "Goryachkina, Aleksandra"]
[Black "Osmak, Yuliia"]
[Result "1-0"]
[WhiteTitle "GM"]
[BlackTitle "IM"]
[WhiteElo "2610"]
[BlackElo "2419"]
[WhiteFideId "4147103"]
[BlackFideId "14101602"]
[EventDate "2021.12.29"]

1. d4 Nf6 2. c4 e6 3. Nc3 Bb4 4. e3 O-O 5. Bd3 c5 6. Ne2 cxd4 7. exd4 d5 8. cxd5
Nxd5 9. O-O Nc6 10. Nxd5 exd5 11. Nf4 g6 12. Be3 Be7 13. Qf3 Nb4 14. Bb1 Bf6 15.
a3 Nc6 16. Rd1 Be6 17. Ba2 Ne7 18. Rac1 Bg7 19. Rc5 b6 20. Rc3 Qd7 21. h3 Rac8
22. Rdc1 Rxc3 23. Rxc3 Nf5 24. Bxd5 Bxd5 25. Qxd5 Qxd5 26. Nxd5 Bxd4 27. Bxd4
Nxd4 28. Rc7 Ra8 29. Nf6+ Kg7 30. Ne4 Ne6 31. Rd7 Nf8 32. Re7 Ne6 33. Nd6 Nd8
34. Rd7 a5 35. Ne8+ Kf8 36. Nc7 Rb8 37. Nb5 Ne6 38. Nd6 Rd8 39. Rxd8+ Nxd8 40.
Kf1 Ne6 41. Nc4 b5 42. Nxa5 Nc5 43. Ke2 Ke7 44. Ke3 Kd6 45. b4 Na4 46. Nb3 Nb6
47. Nd2 Kd5 48. Kd3 f5 49. Nb1 Nc4 50. Nc3+ Kc6 51. Nb1 Kd5 52. Kc3 Nb6 53. Kb3
Kd4 54. Nc3 Kd3 55. Nxb5 Ke2 56. a4 Kxf2 57. a5 Na8 58. Nd4 Kxg2 59. b5 Nc7 60.
b6 Na6 61. Kc4 f4 62. Kb5 Nb8 63. a6 Nxa6 64. Kxa6 f3 65. Nxf3 Kxf3 66. b7 Kg3
67. b8=Q+ Kxh3 68. Qh8 h5 69. Qh6 h4 70. Qg5 Kh2 71. Qxh4+ 1-0

[Event "World Blitz Women 2021"]
[Site "Warsaw POL"]
[Date "2021.12.29"]
[Round "4.32"]
[White "Paramzina, Anastasya"]
[Black "Mammadova, Gulnar"]
[Result "0-1"]
[WhiteTitle "WGM"]
[BlackTitle "IM"]
[WhiteElo "2260"]
[BlackElo "2387"]
[WhiteFideId "4165012"]
[BlackFideId "13403508"]
[EventDate "2021.12.29"]

1. e4 g6 2. d4 Bg7 3. Nc3 d6 4. Be3 e6 5. Qd2 b6 6. h4 h6 7. Nf3 Bb7 8. O-O-O
Nd7 9. Bd3 a6 10. h5 g5 11. Rhe1 b5 12. Ne2 Nb6 13. Ng3 Nf6 14. Nh2 Qd7 15. f4
Nc4 16. Bxc4 bxc4 17. fxg5 hxg5 18. Bxg5 Nxh5 19. Nxh5 Rxh5 20. Ng4 c3 21. bxc3
Qa4 22. Qf4 Qa5 23. e5 Qxc3 24. Re3 Qa5 25. Nf6+ Bxf6 26. Qxf6 Rxg5 27. Qxg5 Kd7
28. Rb3 Bd5 29. exd6 cxd6 30. Rb7+ Kc6 31. Qe7 Qa3+ 32. Kd2 Qa5+ 33. Kc1 Qa3+
34. Kd2 Qa5+ 35. c3 Bc4 36. Rb4 Qxa2+ 37. Kc1 Qa3+ 38. Kc2 Qa2+ 39. Kc1 Qa3+ 40.
Rb2 Rb8 41. Rd2 Qa1+ 42. Kc2 Rxb2# 0-1

[Event "World Blitz Women 2021"]
[Site "Warsaw POL"]
[Date "2021.12.29"]
[Round "5.15"]
[White "Babiy, Olga"]
[Black "Injac, Teodora"]
[Result "1-0"]
[WhiteTitle "WGM"]
[BlackTitle "WGM"]
[WhiteElo "2259"]
[BlackElo "2407"]
[WhiteFideId "14117258"]
[BlackFideId "932400"]
[EventDate "2021.12.29"]

1. d4 Nf6 2. Nf3 g6 3. Nbd2 d5 4. e3 Bg7 5. b4 a5 6. b5 c5 7. bxc6 Nxc6 8. a4
O-O 9. Ba3 Re8 10. Bb5 Bf5 11. c3 Rc8 12. O-O Ne4 13. Nxe4 Bxe4 14. Nd2 Bf5 15.
Qb3 e5 16. Rac1 h5 17. h3 h4 18. Rfd1 g5 19. dxe5 Be6 20. Nf3 g4 21. hxg4 Bxg4
22. Rxd5 Qc7 23. Bd6 Qd7 24. Nxh4 Be6 25. c4 Qd8 26. Nf3 Nxe5 27. Bxe5 Bxd5 28.
Bxe8 Bxf3 29. gxf3 Bxe5 30. Bb5 Qh4 31. f4 Qg4+ 32. Kf1 Bf6 33. Qd1 Qh3+ 34. Ke2
Rd8 35. Qg1+ Kf8 36. Rd1 Qh5+ 37. f3 Rxd1 38. Qxd1 Qh2+ 39. Kd3 Qb2 40. Qc2 Qa1
41. Ke4 Qa3 42. c5 Qb4+ 43. Qc4 Qb1+ 44. Qd3 Qb4+ 45. Qc4 Qb1+ 46. Kd5 Qf5+ 47.
Kd6 Qc8 48. Qe4 Qd8+ 49. Bd7 Qb8+ 50. Kd5 Qd8 51. c6 bxc6+ 52. Kxc6 Qa8+ 53. Kb5
Qa7 54. Bc6 Be7 55. Qd5 Qxe3 56. Kxa5 Qe1+ 57. Kb5 Qb1+ 58. Ka6 Qb8 59. a5 Qxf4
60. Kb7 Qb4+ 61. Qb5 Qd6 62. a6 Bd8 63. a7 Qc7+ 64. Ka6 Qc8+ 65. Bb7 Qe6+ 66.
Bc6 Qc8+ 67. Bb7 Qe6+ 68. Bc6 Qc8+ 1-0

[Event "World Blitz Women 2021"]
[Site "Warsaw POL"]
[Date "2021.12.29"]
[Round "5.19"]
[White "Lagno, Kateryna"]
[Black "Balajayeva, Khanim"]
[Result "1/2-1/2"]
[WhiteTitle "GM"]
[BlackTitle "WGM"]
[WhiteElo "2550"]
[BlackElo "2376"]
[WhiteFideId "14109336"]
[BlackFideId "13406396"]
[EventDate "2021.12.29"]

1. e4 e5 2. Nf3 Nc6 3. Bc4 Nf6 4. d4 exd4 5. e5 d5 6. Bb5 Nd7 7. O-O Bc5 8. Bxc6
bxc6 9. Nxd4 Nb8 10. Be3 Qe7 11. Nxc6 Nxc6 12. Qxd5 Qe6 13. Qxc5 Ne7 14. Qxc7
O-O 15. Qd6 Nf5 16. Qxe6 Bxe6 17. Bc5 Rfc8 18. b4 a5 19. c3 axb4 20. cxb4 Bxa2
21. Nc3 Bc4 22. Rfd1 Rab8 23. Ra7 h6 24. f3 Re8 25. f4 g5 26. g3 gxf4 27. gxf4
Re6 28. Kf2 Rg6 29. Ne4 Kg7 30. Nf6 Nh4 31. Rg1 Rxg1 32. Kxg1 Kg6 33. Kf2 Kf5
34. Kg3 Ng6 35. Ra3 Rd8 36. Rc3 Ba6 37. Be3 Rd1 38. Rc7 Rd3 39. Kf2 Nxf4 40.
Bxf4 Kxf4 41. Rxf7 Rd2+ 42. Ke1 Re2+ 43. Kd1 Rxe5 44. Nd7+ Rf5 45. Rxf5+ Kxf5
46. Nc5 Bb5 47. Ke1 Ke5 48. Kf2 Kd4 49. Ne6+ Kc4 50. Kg3 Kxb4 51. Kh4 Be2 52.
Nf4 Bd1 53. Nd5+ Kc5 54. Ne3 Be2 55. Nf5 h5 56. Ng3 Bf3 57. Nxh5 Kd6 58. Kg5 Ke7
59. Ng3 Kf8 60. Kh6 Kg8 61. h4 Bd1 62. Nf5 Be2 63. Ne7+ Kh8 64. Ng6+ Kg8 65. Nf4
Bd1 66. Kg5 Kg7 67. Ne6+ Kh8 68. Kh6 Be2 69. Nf4 Bd1 70. Nd5 Be2 71. Ne7 Bd1 72.
Ng6+ Kg8 73. Ne5 Be2 74. Kg5 Kh8 75. Nd7 Bd1 76. Nf6 Be2 77. Ne4 Bd1 78. Nc3 Bf3
79. Kf4 Bh5 80. Ne4 Bd1 81. Ng3 Kg7 82. Ke3 Kh6 83. Kd2 Bg4 84. Kc3 Bf3 85. Kd4
Bd1 86. Ke3 Bg4 87. Kd2 Bf3 88. Ke3 Bd1 89. Kf4 Kh7 90. Ne4 Kg7 91. Nc3 Bh5 92.
Ke3 Kh6 93. Nd5 Bd1 94. Nf4 Bg4 95. Kd2 Bf3 96. Ke1 Bg4 97. Kf2 Bd1 98. Ke3 Bg4
99. Kd4 Bd1 100. Ke5 Kg7 101. Kf5 Bf3 102. Kg5 Bd1 103. Ne6+ Kh7 104. Nd4 Kg7
105. Nf5+ Kh7 106. Ng3 Kg7 107. Nf1 Kh7 108. Ne3 Be2 109. Nd5 Kg7 110. Nf6 Bd1 1/2-1/2

[Event "World Blitz Women 2021"]
[Site "Warsaw POL"]
[Date "2021.12.29"]
[Round "5.28"]
[White "Loskutova, Viktoriya"]
[Black "Majdan, Joanna"]
[Result "0-1"]
[WhiteTitle "WFM"]
[BlackTitle "WGM"]
[WhiteElo "2100"]
[BlackElo "2325"]
[WhiteFideId "34166278"]
[BlackFideId "1121979"]
[EventDate "2021.12.29"]

1. e4 c5 2. Nf3 e6 3. d4 cxd4 4. Nxd4 Nf6 5. Nc3 a6 6. Be3 Qc7 7. g4 Bb4 8. Ne2
Nxe4 9. Qd4 Nxc3 10. Nxc3 Bf8 11. O-O-O Nc6 12. Qd2 d5 13. Bg2 Bb4 14. a3 Be7
15. f4 Na5 16. Qd3 Nc4 17. Kb1 Nxe3 18. Qxe3 O-O 19. g5 Bc5 20. Qf3 Bd7 21. h4
Rac8 22. Na2 Bd6 23. Qe2 Bb5 24. Qf2 Bxf4 25. Bf3 Bc4 26. Nb4 a5 27. Nd3 Bxd3
28. Rxd3 Qc5 29. Qg2 b5 30. h5 b4 31. a4 Qc6 32. Qg4 Be5 33. Bd1 Qxa4 34. Re1
Bd6 35. g6 f5 36. Qg5 h6 37. Qe3 Rce8 38. Qb6 Qd7 39. Rde3 e5 40. Rd3 d4 41.
Qxa5 Qc6 42. Qa2+ Kh8 43. Qb3 Ra8 44. Kc1 Ra1+ 45. Kd2 e4 46. Rxd4 Bf4+ 47. Ke2
Qb5+ 48. Qc4 Qxc4+ 49. Rxc4 Bg3 50. Rg1 Be5 51. Rxb4 Rd8 52. Rb7 Bf4 53. Re1
Rd2+ 54. Kf1 Raxd1 55. Rxd1 Rxd1+ 56. Ke2 Rd2+ 57. Ke1 Rxc2 58. Rf7 Rc8 59. Rxf5
Bg5 60. b4 e3 61. Re5 Kg8 62. b5 Kf8 63. Ke2 Rc2+ 64. Kf3 Rf2+ 65. Kg3 Bf4+ 0-1

[Event "World Blitz Women 2021"]
[Site "Warsaw POL"]
[Date "2021.12.29"]
[Round "5.40"]
[White "Berend, Elvira"]
[Black "Malicka, Maria"]
[Result "1-0"]
[WhiteTitle "WGM"]
[BlackTitle "FM"]
[WhiteElo "2329"]
[BlackElo "2307"]
[WhiteFideId "4000510"]
[BlackFideId "1197576"]
[EventDate "2021.12.29"]

1. d4 Nf6 2. Nf3 g6 3. g3 Bg7 4. Bg2 d5 5. O-O O-O 6. c3 Nbd7 7. a4 c5 8. Bf4
Ne4 9. Nbd2 cxd4 10. cxd4 Nxd2 11. Qxd2 Nf6 12. Rfc1 Bd7 13. Qb4 Bc6 14. Ne5 Rc8
15. Nxc6 bxc6 16. a5 Ne4 17. Qb7 Bxd4 18. e3 e5 19. Bh6 Rb8 20. Qxc6 Bxb2 21.
Bxf8 Kxf8 22. Rd1 Bxa1 23. Bxe4 Qxa5 24. Qd6+ Kg7 25. Qxb8 dxe4 26. Qb1 Bc3 27.
Qxe4 Qc5 28. Rd7 a5 29. Qf3 Qc4 30. Qb7 a4 31. Rc7 Qd3 32. Rxf7+ Kh6 33. Rxh7+
Kg5 34. Qe7+ Kg4 35. Rh4+ Kf3 36. Qb7+ Ke2 37. Kg2 a3 38. Ra4 Bb2 39. Qf3+ Ke1
40. Kh3 Qd7+ 41. Qg4 Qh7+ 42. Kg2 Qb7+ 43. Kh3 Qh7+ 44. Kg2 Qb7+ 45. Qe4 Qxe4+
46. Rxe4 a2 47. Ra4 a1=Q 48. Rxa1+ Bxa1 49. Kf3 e4+ 50. Kxe4 Kxf2 51. Kf4 Bf6
52. h4 Bd8 53. g4 Bb6 54. Kg5 Kxe3 55. Kxg6 Kf4 56. g5 Kg4 57. h5 Be3 58. h6 Bd4
59. h7 Bc3 60. Kh6 Kf5 61. g6 Bd2+ 62. Kg7 Bc3+ 63. Kf7 Kg5 64. g7 1-0

[Event "World Blitz Women 2021"]
[Site "Warsaw POL"]
[Date "2021.12.29"]
[Round "5.41"]
[White "Dworakowska, Joanna"]
[Black "Budkiewicz, Magdalena"]
[Result "1-0"]
[WhiteTitle "IM"]
[WhiteElo "2321"]
[BlackElo "1929"]
[WhiteFideId "1107445"]
[BlackFideId "1194917"]
[EventDate "2021.12.29"]

1. e4 c5 2. Nf3 d6 3. d4 cxd4 4. Nxd4 Nf6 5. Nc3 a6 6. h3 e6 7. g4 h6 8. Bg2 Nc6
9. Be3 Bd7 10. Qd2 Rc8 11. Nde2 b5 12. a3 Ne5 13. b3 Bc6 14. f4 Ned7 15. O-O Nc5
16. Ng3 Be7 17. b4 Ncd7 18. Nce2 Nb6 19. Qd3 Nc4 20. Bf2 Qc7 21. Nd4 Bb7 22. g5
hxg5 23. fxg5 Ne5 24. Qe2 Nfd7 25. Be3 O-O 26. Rad1 Qc4 27. Qf2 Ng6 28. Nh5 Nde5
29. Kh1 d5 30. Ng3 dxe4 31. Nxe4 Bd5 32. h4 Ng4 33. Qe1 Nxe3 34. Qxe3 Qc6 35.
Nxc6 1-0

[Event "World Blitz Women 2021"]
[Site "Warsaw POL"]
[Date "2021.12.29"]
[Round "5.42"]
[White "Strutinskaia, Galina"]
[Black "Szczotka, Klara"]
[Result "1-0"]
[WhiteTitle "WGM"]
[WhiteElo "2142"]
[BlackElo "1755"]
[WhiteFideId "4108558"]
[BlackFideId "21858845"]
[EventDate "2021.12.29"]

1. d4 Nf6 2. c4 e6 3. Nc3 Bb4 4. f3 d5 5. a3 Bxc3+ 6. bxc3 O-O 7. cxd5 exd5 8.
e3 Bf5 9. Bd3 Qd7 10. Ne2 Re8 11. O-O b6 12. a4 Bxd3 13. Qxd3 c5 14. a5 c4 15.
Qc2 b5 16. Ng3 Nc6 17. e4 Qc7 18. Bg5 Re6 19. Bxf6 Rxf6 20. exd5 Nxa5 21. Ne4
Rh6 22. d6 Qb6 23. d7 Nb3 24. Rae1 Re6 25. Ng5 Rxe1 26. Qxh7+ Kf8 27. Qh8+ Ke7
28. Rxe1+ Kxd7 29. Qxa8 Qf6 30. Qxa7+ Kd8 31. Nxf7+ 1-0

[Event "World Blitz Women 2021"]
[Site "Warsaw POL"]
[Date "2021.12.29"]
[Round "5.44"]
[White "Kazarian, Anna-Maja"]
[Black "Paramzina, Anastasya"]
[Result "0-1"]
[WhiteTitle "FM"]
[BlackTitle "WGM"]
[WhiteElo "2138"]
[BlackElo "2260"]
[WhiteFideId "1033689"]
[BlackFideId "4165012"]
[EventDate "2021.12.29"]

1. e4 c5 2. Nf3 d6 3. d4 cxd4 4. Nxd4 Nf6 5. Nc3 a6 6. Be3 e5 7. Nb3 Be7 8. Qd2
Ng4 9. g3 Nxe3 10. Qxe3 Be6 11. O-O-O Nd7 12. f4 Rc8 13. Kb1 O-O 14. h4 Qb6 15.
Qf3 Nf6 16. f5 Bxb3 17. axb3 h5 18. Be2 Qc7 19. g4 hxg4 20. Qg3 d5 21. exd5 Bb4
22. d6 Bxd6 23. Bxg4 Bb4 24. Rd3 e4 25. Qxc7 Rxc7 26. Rg3 Rfc8 27. Rhg1 Bxc3 28.
bxc3 Rxc3 29. Be2 Rxg3 30. Rxg3 Rc5 31. h5 Kh7 32. Rg5 Kh6 33. Rg1 Rxf5 34. Bc4
Nxh5 35. Rg4 Rf4 36. Rg1 f5 37. Kb2 g5 38. Bf7 Rh4 39. Kc3 g4 40. Kd4 g3 41. Ke5
Kg5 42. Rf1 Nf4 43. Rd1 g2 44. Rd8 Rg4 45. Rg8+ Kh4 46. Rh8+ Kg3 47. Kxf5 g1=Q 0-1